00625nam a2200169Ia 4500008004100000020001500041041000800056082001600064100002300080245011500103250000600218260004900224300001200273650003700285999001900322952011400341210716s1992 xx 000 0 und d a0538821604 aeng a657.3 GIBC aGibson, Charles H. aFinancial statement analysis: using financial accounting information.bUsing financial accounting information. a5 aOhiobSouth Western Publishing Companyc1992 axvi,778 aFinancial Reporting and Analyais c198416d198416 00102ddc40738MBAaAIMITbAIMITd2004-11-30l0o657.3 GIBCpMBA00981r2025-07-21 00:00:00w2021-07-16yBK